What ails the Indian press? Diagonsis and remedies (Record no. 31143)

MARC details
000 -LEADER
fixed length control field 00289nam a2200109Ia 4500
082 ## - DEWEY DECIMAL CLASSIFICATION NUMBER
Classification number 07(540)
Item number ALL
245 #0 - TITLE STATEMENT
Title What ails the Indian press? Diagonsis and remedies
260 ## - PUBLICATION, DISTRIBUTION, ETC. (IMPRINT)
Place of publication Delhi
Name of publisher Somaiya
Year of publication 1970
650 ## - SUBJECT ADDED ENTRY--TOPICAL TERM
Topical Term Indian press
942 ## - ADDED ENTRY ELEMENTS (KOHA)
Koha item type Books
Holdings
Withdrawn status Lost status Damaged status Not for loan Home library Current library Date acquired Cost, normal purchase price Full call number Accession Number Koha item type
        RRII Library RRII Library 16/12/2021 10.00 07(540) ALL 11695 Books